Loading...
| Science - Chemistry | 0 | 7 | 0 | 1 | 70 | 74 | 102.57 | 0 | 5 | 0.00 | 0.00 |
| Fine Arts - Auditory | 0 | 4 | 0 | 0 | 40 | 92 | 127.00 | 0 | 4 | 0.00 | 0.00 |
| Science - Physics | 0 | 3 | 0 | 2 | 30 | 107 | 128.67 | 1 | 1 | 0.00 | 0.00 |
| Science - Other | 0 | 3 | 2 | 0 | 20 | 114 | 129.00 | 0 | 3 | 0.00 | 0.00 |
| Fine Arts - Other | 0 | 2 | 1 | 0 | 15 | 84 | 87.50 | 1 | 2 | 0.00 | 0.00 |
| Current Events | 0 | 1 | 0 | 0 | 10 | 133 | 133.00 | 0 | 0 | 0.00 | 0.00 |
| Geography | 0 | 1 | 0 | 1 | 10 | 142 | 142.00 | 0 | 0 | 0.00 | 0.00 |
| Science - Biology | 0 | 1 | 1 | 1 | 5 | 135 | 135.00 | 0 | 1 | 0.00 | 0.00 |
| History - European | 0 | 0 | 0 | 0 | 0 | 0.00 | 0 | 0 | 0.00 | 0.00 |